[Event "CZE-ch U14"]
[Site "Teplice"]
[Date "2023.03.13"]
[Round "3"]
[White "Zemek, Antonin"]
[Black "Krautschneider, Daniel Jan"]
[Result "1-0"]
[WhiteElo "1739"]
[BlackElo "1679"]
[PlyCount "73"]
[EventDate "2023.03.11"]
[EventType "swiss"]
[EventRounds "9"]
[EventCountry "CZE"]
[SourceTitle "CBM 213 Extra"]
[Source "ChessBase"]
[SourceDate "2023.05.31"]
[SourceVersion "1"]
[SourceVersionDate "2023.05.31"]
[SourceQuality "1"]

1. Nf3 c5 2. b3 Nc6 3. Bb2 d6 4. g3 e5 5. d3 Nge7 6. Bg2 g6 7. c4 Bg7 8. a3 0-0 9. Qc2 Kh8 10. e3 f5 11. Nc3 f4 12. 0-0 Nf5 13. Rae1 Bd7 14. Nd5 Be6 15. gxf4 Qd7 16. Ng5 Rad8 17. fxe5 dxe5 18. Qc3 Nh4 19. Nxe6 Qxe6 20. f3 Rf5 21. f4 Nxg2 22. Kxg2 Rh5 23. Rf3 Rd7 24. Qc2 Ne7 25. Nxe7 Qxe7 26. h3 exf4 27. Rxf4 Kg8 28. Bxg7 Qxg7 29. d4 Rg5+ 30. Kh2 Qe7 31. Qf2 cxd4 32. exd4 Qd6 33. Kh1 Qxa3 34. d5 Qxb3 35. Re8+ Kg7 36. Qd4+ Kh6 37. Rh4+ 1-0

[Event "CZE-chT U12"]
[Site "Jihlava"]
[Date "2022.06.11"]
[Round "3.3"]
[White "Krautschneider, Daniel Jan"]
[Black "Honcharov, Makar"]
[Result "1-0"]
[WhiteElo "1194"]
[BlackElo "1264"]
[PlyCount "71"]
[EventDate "2022.06.10"]
[EventType "team-swiss"]
[EventRounds "9"]
[EventCountry "CZE"]
[SourceTitle "CBM 209 Extra"]
[Source "ChessBase"]
[SourceDate "2022.09.30"]
[SourceVersion "1"]
[SourceVersionDate "2022.09.30"]
[SourceQuality "1"]
[WhiteTeam "Rychnov nad Kneznou U12"]
[BlackTeam "Plzen 64 U12"]
[WhiteTeamCountry "CZE"]
[BlackTeamCountry "CZE"]

1. e4 e6 2. d4 d5 3. e5 c5 4. c3 Nc6 5. Nf3 b6 6. a3 Bb7 7. b4 Rc8 8. Be3 c4 9. Nbd2 Nge7 10. Be2 Nf5 11. 0-0 Be7 12. Qc2 g5 13. a4 g4 14. Ne1 h5 15. a5 b5 16. Bf4 a6 17. Qc1 Rg8 18. Nc2 h4 19. Ne3 Nxe3 20. Bxe3 g3 21. h3 gxf2+ 22. Rxf2 Rg3 23. Bf4 Rg8 24. Qf1 Rc7 25. Bh5 Rh8 26. Qe2 Bg5 27. Raf1 Rf8 28. Qg4 Bxf4 29. Rxf4 Bc8 30. Bxf7+ Rcxf7 31. Rxf7 Qe7 32. Rxe7+ Nxe7 33. Qh5+ Kd7 34. Rxf8 Nf5 35. Qe8+ Kc7 36. Qxc8# 1-0

[Event "CZE-chT U12"]
[Site "Jihlava"]
[Date "2022.06.11"]
[Round "5.3"]
[White "Krautschneider, Daniel Jan"]
[Black "Sudrich, Radek1111"]
[Result "0-1"]
[WhiteElo "1194"]
[BlackElo "1433"]
[PlyCount "20"]
[EventDate "2022.06.10"]
[EventType "team-swiss"]
[EventRounds "9"]
[EventCountry "CZE"]
[SourceTitle "CBM 209 Extra"]
[Source "ChessBase"]
[SourceDate "2022.09.30"]
[SourceVersion "1"]
[SourceVersionDate "2022.09.30"]
[SourceQuality "1"]
[WhiteTeam "Rychnov nad Kneznou U12"]
[BlackTeam "Stare Mesto U12"]
[WhiteTeamCountry "CZE"]
[BlackTeamCountry "CZE"]

1. e4 e5 2. f4 Bc5 3. Nf3 d6 4. Bc4 h6 5. Nc3 Nc6 6. d3 Bg4 7. Bd2 Nd4 8. fxe5 Nxf3+ 9. gxf3 Qh4+ 10. Ke2 Qf2# 0-1

[Event "CZE-chT U12"]
[Site "Jihlava"]
[Date "2022.06.11"]
[Round "6.3"]
[White "Rotter, Dominik"]
[Black "Krautschneider, Daniel Jan"]
[Result "0-1"]
[WhiteElo "1192"]
[BlackElo "1194"]
[PlyCount "110"]
[EventDate "2022.06.10"]
[EventType "team-swiss"]
[EventRounds "9"]
[EventCountry "CZE"]
[SourceTitle "CBM 209 Extra"]
[Source "ChessBase"]
[SourceDate "2022.09.30"]
[SourceVersion "1"]
[SourceVersionDate "2022.09.30"]
[SourceQuality "1"]
[WhiteTeam "Trinec U12"]
[BlackTeam "Rychnov nad Kneznou U12"]
[WhiteTeamCountry "CZE"]
[BlackTeamCountry "CZE"]

1. e4 c5 2. Nf3 Nc6 3. c3 d5 4. exd5 Qxd5 5. d4 Bg4 6. Be3 cxd4 7. cxd4 Bxf3 8. gxf3 Nf6 9. Nc3 Qd7 10. Bb5 e6 11. Qa4 Be7 12. Bxc6 Qxc6 13. Qxc6+ bxc6 14. 0-0 Kd7 15. Rac1 Rhb8 16. b3 Nd5 17. Nxd5 cxd5 18. Bf4 Rc8 19. Rxc8 Rxc8 20. Rc1 Rxc1+ 21. Bxc1 Kc6 22. Kf1 Kb5 23. Bd2 Bb4 24. Bc1 Bc3 25. Be3 Kb4 26. Ke2 Ka3 27. Kd3 Ba5 28. Bf4 Kxa2 29. Kc2 Ka3 30. Bd6+ Bb4 31. Bc5 a5 32. Bb6 a4 33. bxa4 Kxa4 34. Bc7 Kb5 35. Be5 f6 36. Bg3 Kc4 37. Bf4 Kxd4 38. Be3+ Ke5 39. Kd3 Kd6 40. Bf4+ e5 41. Bg3 Kc5 42. f4 e4+ 43. Ke3 Kc4 44. f3 Bc5+ 45. Ke2 e3 46. f5 d4 47. Be1 d3+ 48. Kd1 e2+ 49. Kc1 Be3+ 50. Kb2 d2 51. Bxd2 Bxd2 52. h4 e1Q 53. f4 Bc3+ 54. Kc2 Qd2+ 55. Kb1 Qb2# 0-1

[Event "CZE-chT U12"]
[Site "Jihlava"]
[Date "2022.06.10"]
[Round "1.3"]
[White "Krautschneider, Daniel Jan"]
[Black "Bouchalova, Kveta"]
[Result "1/2-1/2"]
[WhiteElo "1194"]
[BlackElo "1288"]
[PlyCount "107"]
[EventDate "2022.06.10"]
[EventType "team-swiss"]
[EventRounds "9"]
[EventCountry "CZE"]
[SourceTitle "CBM 209 Extra"]
[Source "ChessBase"]
[SourceDate "2022.09.30"]
[SourceVersion "1"]
[SourceVersionDate "2022.09.30"]
[SourceQuality "1"]
[WhiteTeam "Rychnov nad Kneznou U12"]
[BlackTeam "Grygov U12"]
[WhiteTeamCountry "CZE"]
[BlackTeamCountry "CZE"]

1. e4 e5 2. f4 d5 3. exd5 e4 4. Nc3 Nf6 5. d3 exd3 6. Bxd3 Bc5 7. Qe2+ Qe7 8. Qxe7+ Kxe7 9. Nf3 Re8 10. Bd2 Kf8+ 11. Ne5 Nbd7 12. 0-0-0 Nxe5 13. fxe5 Rxe5 14. Rde1 Rxe1+ 15. Rxe1 Bg4 16. Ne4 Nxe4 17. Rxe4 Bf5 18. Rc4 Bxd3 19. Rxc5 Be4 20. Bb4 Ke8 21. Rxc7 Bxd5 22. g3 Kd8 23. Rc3 Kd7 24. Kd2 Ke6 25. Re3+ Kf5 26. Bc3 Kg6 27. a3 Rd8 28. Rd3 Rd7 29. Bb4 Be6 30. Rxd7 Bxd7 31. Ke3 Kf5 32. Bd6 Kg4 33. h4 h6 34. c4 g5 35. hxg5 hxg5 36. b4 a6 37. Ke4 f5+ 38. Ke3 Kh5 39. Kd4 Kg4 40. Ke3 Bc6 41. Bc7 Kh3 42. Kf2 Kg4 43. Ke3 Kh5 44. Kd4 Kg6 45. Ke5 g4 46. Kd6 Kf6 47. Kc5 Ke6 48. b5 axb5 49. cxb5 Be4 50. a4 Kd7 51. Kb6 Kc8 52. a5 Bd3 53. Bf4 Bc4 54. a6 1/2-1/2

[Event "CZE-ch U12"]
[Site "Luhacovice"]
[Date "2022.03.17"]
[Round "7"]
[White "Krautschneider, Daniel Jan"]
[Black "Mik, Tomas"]
[Result "0-1"]
[WhiteElo "1304"]
[BlackElo "1643"]
[PlyCount "96"]
[EventDate "2022.03.12"]
[EventType "swiss"]
[EventRounds "9"]
[EventCountry "CZE"]
[SourceTitle "EXT 2023"]
[Source "ChessBase"]
[SourceDate "2022.10.05"]
[SourceVersion "1"]
[SourceVersionDate "2022.10.05"]
[SourceQuality "1"]

1. e4 c5 2. c3 d5 3. exd5 Qxd5 4. Nf3 Nc6 5. d4 Bf5 6. c4 Qe4+ 7. Be3 cxd4 8. Nxd4 0-0-0 9. Nc3 Rxd4 10. Nxe4 Rxd1+ 11. Rxd1 Bxe4 12. f3 Bg6 13. Kf2 Nf6 14. a3 e6 15. b4 a5 16. b5 Ne5 17. a4 Bb4 18. c5 Nd5 19. Bd4 Nd7 20. c6 Nc5 21. Bc4 f6 22. Rc1 Rd8 23. Rhd1 Kc7 24. Kg3 Nc3 25. b6+ Kxc6 26. Rxc3 Rxd4 27. Rxd4 Bxc3 28. Bb5+ Kxb6 29. Rd6+ Kc7 30. Rd1 Be5+ 31. Kf2 Bc2 32. Rc1 Bd4+ 33. Ke2 Bb3 34. h3 Kd6 35. Kd2 Bxa4 36. Bxa4 Nxa4 37. Rc4 Bc3+ 38. Kc2 b5 39. Rh4 h6 40. Kb3 Be5 41. f4 Nc5+ 42. Kc2 Bd4 43. f5 e5 44. Rg4 b4 45. Rxg7 b3+ 46. Kb1 a4 47. Ra7 Ne4 48. Ra6+ Kc5 0-1

[Event "CZE-ch U12"]
[Site "Herlikovice"]
[Date "2021.10.27"]
[Round "5"]
[White "Krautschneider, Daniel Jan"]
[Black "Mik, Tomas"]
[Result "1-0"]
[WhiteElo "1318"]
[BlackElo "1521"]
[PlyCount "47"]
[EventDate "2021.10.23"]
[EventType "swiss"]
[EventRounds "9"]
[EventCountry "CZE"]
[SourceTitle "EXT 2023"]
[Source "ChessBase"]
[SourceDate "2022.10.05"]
[SourceVersion "1"]
[SourceVersionDate "2022.10.05"]
[SourceQuality "1"]

1. e4 c5 2. c3 d5 3. exd5 Qxd5 4. d4 Nc6 5. Nf3 Bf5 6. Be3 cxd4 7. cxd4 Bxb1 8. Qxb1 e6 9. a3 Nf6 10. Be2 Be7 11. 0-0 0-0 12. Rd1 Rfd8 13. Qd3 Rd7 14. Rac1 Rad8 15. Qc2 Qa5 16. Bc4 Nd5 17. Qb3 Nb6 18. Bb5 Bf6 19. Bd2 Nb4 20. Bxd7 Rxd7 21. Qxb4 Qd5 22. Qc5 Qe4 23. Re1 Qg6 24. Ne5 1-0

[Event "CZE-ch U12"]
[Site "Herlikovice"]
[Date "2021.10.23"]
[Round "1"]
[White "Fadrny, Jachym"]
[Black "Krautschneider, Daniel Jan"]
[Result "0-1"]
[WhiteElo "1108"]
[BlackElo "1318"]
[PlyCount "132"]
[EventDate "2021.10.23"]
[EventType "swiss"]
[EventRounds "9"]
[EventCountry "CZE"]
[SourceTitle "EXT 2023"]
[Source "ChessBase"]
[SourceDate "2022.10.05"]
[SourceVersion "1"]
[SourceVersionDate "2022.10.05"]
[SourceQuality "1"]

1. e4 c5 2. Nf3 Nc6 3. Nc3 g6 4. d4 cxd4 5. Nxd4 Bg7 6. Be3 Nf6 7. Bc4 0-0 8. 0-0 a6 9. Qd2 Ng4 10. Nxc6 bxc6 11. Bd4 Qc7 12. f4 Qd6 13. Rad1 c5 14. Bxg7 Qxd2 15. Rxd2 Kxg7 16. Rf3 Rb8 17. b3 d6 18. Nd5 e6 19. Nc7 Rb6 20. Rfd3 Rd8 21. e5 d5 22. h3 Nh6 23. g4 d4 24. c3 Rc6 25. cxd4 Rxc7 26. dxc5 Rxd3 27. Rxd3 Rxc5 28. Rd6 Ng8 29. Kf2 Ne7 30. Ke3 Rc6 31. Kd4 Rc7 32. g5 Nf5+ 33. Ke4 Nxd6+ 34. exd6 Rd7 35. Ke5 Bb7 36. a4 Kf8 37. b4 Ke8 38. b5 Kd8 39. b6 Kc8 40. a5 Kb8 41. Bb3 Bc6 42. h4 Kb7 43. Bd1 Kc8 44. Bc2 Kd8 45. Bd1 Ke8 46. Bc2 Kd8 47. Bd1 Kc8 48. Bc2 Kb7 49. Bd1 Rd8 50. Bc2 Bd5 51. Ba4 Bc4 52. Bc2 Kc6 53. Be4+ Bd5 54. Bd3 Rxd6 55. Bxa6 Rd7 56. b7 Rxb7 57. Bxb7+ Kxb7 58. Kf6 Ka6 59. Kg7 Kxa5 60. Kxh7 Kb6 61. Kh6 Kc6 62. h5 gxh5 63. Kxh5 Be4 64. Kg4 Kd5 65. Kg3 Kd4 66. Kg4 Ke3 0-1

[Event "EU Union-ch U10"]
[Site "Kouty nad Desnou"]
[Date "2020.08.17"]
[Round "4"]
[White "Krautschneider, Daniel Jan"]
[Black "Laux, Filip"]
[Result "1-0"]
[WhiteElo "1350"]
[BlackElo "1195"]
[PlyCount "104"]
[EventDate "2020.08.14"]
[EventType "swiss"]
[EventRounds "9"]
[EventCountry "CZE"]
[SourceTitle "EXT 2021"]
[Source "ChessBase"]
[SourceDate "2020.10.23"]
[SourceVersion "1"]
[SourceVersionDate "2020.10.23"]
[SourceQuality "1"]

1. e4 c6 2. d4 d5 3. Bd3 dxe4 4. Bxe4 Nf6 5. Bf3 Bf5 6. Ne2 e6 7. 0-0 Qc7 8. Bf4 Bd6 9. Bg3 Nbd7 10. c3 h5 11. Nd2 Bg4 12. Bxd6 Qxd6 13. Re1 g5 14. Qb3 0-0-0 15. Nc4 Qc7 16. Nd2 Rdg8 17. Qa3 a6 18. b4 h4 19. c4 Bf5 20. Nc3 Ng4 21. Bxg4 Bxg4 22. b5 Nb8 23. Nce4 a5 24. Nf6 Rd8 25. Nxg4 Rxd4 26. Qc3 Rhd8 27. Nf3 Rxg4 28. h3 Rf4 29. Nxg5 cxb5 30. Rac1 bxc4 31. Red1 Rxd1+ 32. Rxd1 b6 33. g3 hxg3 34. fxg3 Qc5+ 35. Kh1 Rf5 36. Ne4 Qc6 37. Rd4 b5 38. Kh2 Rd5 39. Rxd5 Qxd5 40. Nf6 Qd8 41. a4 Qb6 42. Ne4 Nd7 43. axb5 Qc7 44. Nd2 Ne5 45. Ne4 Kd8 46. b6 Qb8 47. Qxa5 Nf3+ 48. Kg2 f5 49. b7+ Kd7 50. Qa8 Kc7 51. Nc5 Ne1+ 52. Kf1 Kd8 1-0

[Event "Ceske Budejovice op-B"]
[Site "Ceske Budejovice"]
[Date "2020.07.09"]
[Round "9"]
[White "Trcka, Bohdan"]
[Black "Krautschneider, Daniel Jan"]
[Result "1-0"]
[WhiteElo "1528"]
[BlackElo "1374"]
[PlyCount "71"]
[EventDate "2020.07.01"]
[EventType "swiss"]
[EventRounds "9"]
[EventCountry "CZE"]
[SourceTitle "CBM 197 Extra"]
[Source "ChessBase"]
[SourceDate "2020.09.30"]
[SourceVersion "1"]
[SourceVersionDate "2020.09.30"]
[SourceQuality "1"]

1. e4 e5 2. Be2 Nf6 3. d3 Nc6 4. c3 Bc5 5. b4 Bb6 6. a4 a6 7. g4 d6 8. g5 Nd7 9. h4 f6 10. Nf3 0-0 11. Na3 f5 12. Qb3+ Kh8 13. Be3 fxe4 14. dxe4 Qe7 15. Nc4 Bxe3 16. Nxe3 Nb6 17. a5 Be6 18. Nd5 Qf7 19. axb6 cxb6 20. 0-0-0 Ne7 21. h5 Bg4 22. g6 Qg8 23. gxh7 Qf7 24. Ng5 Qxf2 25. Bxg4 Nxd5 26. Qxd5 Qf4+ 27. Qd2 Qxg4 28. Rdg1 Qc8 29. Rg3 Qd7 30. h6 g6 31. Qd5 Rac8 32. Qe6 Qc7 33. Qxg6 Rf2 34. Qg7+ Qxg7 35. hxg7+ Kxg7 36. Nh3+ 1-0

[Event "Ceske Budejovice op-B"]
[Site "Ceske Budejovice"]
[Date "2020.07.01"]
[Round "1"]
[White "Huemer, Gerald"]
[Black "Krautschneider, Daniel Jan"]
[Result "1/2-1/2"]
[WhiteElo "1721"]
[BlackElo "1374"]
[PlyCount "75"]
[EventDate "2020.07.01"]
[EventType "swiss"]
[EventRounds "9"]
[EventCountry "CZE"]
[SourceTitle "CBM 197 Extra"]
[Source "ChessBase"]
[SourceDate "2020.09.30"]
[SourceVersion "1"]
[SourceVersionDate "2020.09.30"]
[SourceQuality "1"]

1. d4 Nf6 2. Bf4 g6 3. e3 Bg7 4. Nd2 e6 5. h3 0-0 6. c3 d5 7. Ngf3 Nbd7 8. Be2 b6 9. Ne5 Bb7 10. Ndf3 Rc8 11. Qa4 a6 12. g4 b5 13. Qc2 c5 14. g5 Nxe5 15. Nxe5 Nd7 16. h4 Nxe5 17. Bxe5 Bxe5 18. dxe5 d4 19. Rh3 Qd5 20. Bf3 Qd7 21. Bxb7 Qxb7 22. 0-0-0 Rc7 23. exd4 cxd4 24. Rxd4 Rfc8 25. Qd2 b4 26. Rd8+ Kg7 27. Rxc8 Qxc8 28. Qf4 bxc3 29. Qf6+ Kg8 30. bxc3 Rxc3+ 31. Rxc3 Qxc3+ 32. Kb1 Qc7 33. Kb2 a5 34. Kb3 Qd7 35. Kc3 Qc6+ 36. Kb3 Qb5+ 37. Kc2 Qc4+ 38. Kb2 1/2-1/2

[Event "CZE-ch U10"]
[Site "Kouty nad Desnou"]
[Date "2020.03.10"]
[Round "5"]
[White "Delgerdalai, Bayarjavkhlan"]
[Black "Krautschneider, Daniel Jan"]
[Result "1-0"]
[WhiteElo "1553"]
[BlackElo "1236"]
[PlyCount "45"]
[EventDate "2020.03.07"]
[EventType "swiss"]
[EventRounds "7"]
[EventCountry "CZE"]
[SourceTitle "CBM 195 Extra"]
[Source "ChessBase"]
[SourceDate "2020.05.31"]
[SourceVersion "1"]
[SourceVersionDate "2020.05.31"]
[SourceQuality "1"]

1. e4 c5 2. Nf3 d6 3. d4 cxd4 4. Nxd4 Nc6 5. c4 Nf6 6. Nc3 g6 7. Be2 Bg7 8. Be3 0-0 9. 0-0 a6 10. Qd2 Qc7 11. Nd5 Nxd5 12. cxd5 Nxd4 13. Bxd4 Bxd4 14. Qxd4 Bd7 15. Rac1 Qa5 16. Bc4 Bb5 17. Bxb5 axb5 18. a3 Rac8 19. e5 Rc7 20. exd6 exd6 21. b4 Rfc8 22. bxa5 Rxc1 23. Qb6 1-0

[Event "CZE-ch U10"]
[Site "Kouty nad Desnou"]
[Date "2020.03.09"]
[Round "4"]
[White "Krautschneider, Daniel Jan"]
[Black "Bouska, Jiri"]
[Result "1-0"]
[WhiteElo "1236"]
[BlackElo "1643"]
[PlyCount "55"]
[EventDate "2020.03.07"]
[EventType "swiss"]
[EventRounds "7"]
[EventCountry "CZE"]
[SourceTitle "CBM 195 Extra"]
[Source "ChessBase"]
[SourceDate "2020.05.31"]
[SourceVersion "1"]
[SourceVersionDate "2020.05.31"]
[SourceQuality "1"]

1. e4 c5 2. Nf3 Nc6 3. d4 cxd4 4. Nxd4 g6 5. Nc3 Bg7 6. Be3 Nf6 7. f3 0-0 8. Bc4 Qb6 9. Qd2 Qb4 10. Bb3 Nxd4 11. Qxd4 Qxd4 12. Bxd4 d6 13. 0-0-0 Be6 14. Bxf6 Bxf6 15. Nd5 Bxd5 16. Bxd5 a5 17. h4 a4 18. g4 Ra6 19. g5 Bg7 20. h5 Rb6 21. b3 axb3 22. Bxb3 Ra8 23. f4 e6 24. hxg6 hxg6 25. Rhf1 Rba6 26. f5 Bc3 27. Rf3 Be5 28. fxe6 1-0